How to build a youth outreach ministry: (Record no. 12503)

000 -LEADER
fixed length control field 00604nam a2200181 a 4500
001 - CONTROL NUMBER
control field :::00010305$&:&@@
003 - CONTROL NUMBER IDENTIFIER
control field OkBaRHE
005 - DATE AND TIME OF LATEST TRANSACTION
control field 20000607103358.0
008 - FIXED-LENGTH DATA ELEMENTS--GENERAL INFORMATION
fixed length control field s1985 j 000 0 eng u
040 ## - CATALOGING SOURCE
Transcribing agency
100 1# - MAIN ENTRY--PERSONAL NAME
Personal name Stearns, Bill.
245 10 - TITLE STATEMENT
Title How to build a youth outreach ministry:
Remainder of title developing interest in student service projects.
260 ## - PUBLICATION, DISTRIBUTION, ETC. (IMPRINT)
Place of publication, distribution, etc Wheaton, IL., :
Name of publisher, distributor, etc Victor Books
Date of publication, distribution, etc 1985
300 ## - PHYSICAL DESCRIPTION
Extent 64 p. : photos ;
Dimensions 28 cm.
650 ## - SUBJECT ADDED ENTRY--TOPICAL TERM
Topical term or geographic name as entry element Church Work with Youth
942 ## - ADDED ENTRY ELEMENTS (KOHA)
Source of classification or shelving scheme
Koha item type Books
Copies
Source of classification or shelving scheme Shelving location Permanent Location Price effective from Barcode Date last seen Withdrawn status Full call number Copy number Lost status Koha item type Not for loan Date acquired Damaged status
 General StacksRHEMA Bible Training College2010-04-14103052010-04-14 BV 4447 .S681 Books 2010-04-14